02802cam a22004334a 4500001001000000003000400010005001700014008004100031010001700072016002000089020003100109020002800140020001800168020001500186035002100201035002500222040005800247042000800305050002600313060001500339060002200354082001600376245014300392250001200535260003200547300004500579504005100624505129400675650005101969650003202020650003102052650004702083650003702130650004602167650003002213700002102243700002102264856008302285002861326OSt20150408114014.0070409s2008 nyua b 001 0 eng  a 20070151027 a1013041332DNLM a9781588906120 (alk. paper) a1588906124 (alk. paper) a9783131253620 a3131253622 a(OCoLC)123053450 a(NhCcYBP)99932706628 aDNLM/DLCcDLCdNLMdBTCTAdBAKERdC#PdYDXCPdUtOrBLW apcc00aRG107.5.U4bU485 200800a2008 C-18710aWP 141bU462 200800a618.04722200aUltrasonography in obstetrics and gynecology :ba practical approach to clinical problems /c[edited by] Carol B. Benson, Edward I. Bluth. a2nd ed. aNew York :bThieme,cc2008. axi, 260 p. :bill. (some col.) ;c28 cm. aIncludes bibliographical references and index.0 aAsymptomatic palpable adnexal masses / Jill E. Langer and Peter H. Arger -- Acute pelvic pain / John S. Pellerito -- Abnormal premenopausal vaginal bleeding / Edward A. Lyons -- Infertility / Mary C. Frates -- Amenorrhea in the adolescent or young adult / Anna E. Nidecker, Harris L. Cohen, and Harry L. Zinn -- Postmenopausal vaginal bleeding / Peter M. Doubilet -- Family history of ovarian carcinoma / Andrew M. Fried and Carol B. Benson -- Tamoxifen / Beverly G. Coleman -- First-trimester pain or bleeding or both / Arthur C. Fleischer -- Second- and third-trimester bleeding / Barbara S. Hertzberg -- Premature labor / Geoffrey Wong and Deborah Levine -- Estimating fetal gestational age / Chaitali Shah and Ashok Bhanushali -- Uterine size greater than dates / Beryl Benacerraf -- Uterine size less than dates : a clinical dilemma / Alfred Abuhamad -- Ruling out fetal anomalies / Carol B. Benson -- Family history of congenital heart disease / Douglas L. Brown -- Pregnant women with high maternal serum-alpha-fetoprotein / Andrea L. Fick and Ruth B. Goldstein -- Maternal serum screening test positive for Down syndrome / Thomas D. Shipp -- Diabetes mellitus and pregnancy / Peter W. Callen -- Teratogen exposure / Mark A. Kliewer -- Postpartum complications / Donald N. Di Salvo. 0aGenerative organs, FemalexUltrasonic imaging. 0aFetusxDiseasesxDiagnosis. 0aUltrasonics in obstetrics. 2aGenital Diseases, Femalexultrasonography. 2aFetal Diseasesxultrasonography. 2aPregnancy Complicationsxultrasonography. 2aUltrasonographyxmethods.1 aBenson, Carol B.1 aBluth, Edward I.413Table of contents onlyuhttp://www.loc.gov/catdir/toc/ecip0715/2007015102.html